000 00878nam a2200277 a 4500
001 58866
003 BD-RjUL
005 20211209080650.0
008 161220s1991 enk b 001 0 eng d
020 _a0333475208
020 _a0333475216 (pbk.)
035 _aBD-RjUL 58990
040 _aBD-RjUL
_beng
_cBD-RjUL
041 _aeng
082 _a658.00952
_223
_bSUJ 1991
100 1 _aSuzuki, Yoshitaka,
_d1944-
_9175032
245 1 0 _aJapanese management structures, 1920-80 /
_cYoshitaka Suzuki.
260 _aBasingstoke :
_bMacmillan,
_c1991.
300 _axiii, 354 p. :
_bill. ;
_c23 cm.
490 1 _aStudies in the modern Japanese economy
504 _aIncludes bibliographical references and index.
650 0 _aIndustrial management
_zJapan
_xHistory
_9175033
830 0 _aStudies in the modern Japanese economy
_9175034
942 _2ddc
_cBK
999 _c58866
_d58866